Things That Are Blue II Quiz Stats

 Plays Quiz Updated Sep 15, 2015

Challenge
Share
Tweet
Score 0/20 Timer 04:00
2 Plays Today
Hint Answer % Correct
1Jeans
98.8%
18Eye
95.7%
6Blue M&M's
94.6%
13Blue Morpho
93.7%
9Twitter Logo
92.7%
5Poison Dart Frog
92.3%
17Cotton Candy
91.2%
3Berry Blue Jell-O
90.6%
7USPS Mailbox
89.6%
15Genie
88.5%
Hint Answer % Correct
4Sonic the Hedgehog
87.8%
19Robin Eggs
87%
2Sapphire
72.3%
10Neptune
71.5%
16Chicago Cubs
63.6%
11Grover
52.3%
20Regal Blue Tang
50.5%
8Chelsea F.C.
48.6%
12Beast
40.2%
14Hydrangea
30.7%

You're not logged in!

Compare scores with friends on all Sporcle quizzes.
OR
Log In

You Might Also Like...

Show Comments

Extras

Top Quizzes Today


Score Distribution

Your Account Isn't Verified!

In order to create a playlist on Sporcle, you need to verify the email address you used during registration. Go to your Sporcle Settings to finish the process.

Report this User

Report this user for behavior that violates our Community Guidelines.

Details: